[Event "DVM U20 2017"]
[Site "Düsseldorf GER"]
[Date "2017.12.28"]
[Round "3"]
[White "Schäfer, Daniel"]
[Black "Lehne, Arwin Hugo"]
[Result "0-1"]
[Termination "normal"]
[Board "6.6"]
[WhiteElo "1797"]
[BlackElo "1507"]
[WhiteTeam "Heilbronner SV"]
[BlackTeam "TuS Coswig"]
[PlyCount "74"]
[WhiteFideId "16235088"]
[BlackFideId "12985090"]
[EventCountry "GER"]
[EventRounds "7"]
[EventType "team-swiss"]
[EventDate "2017.12.26"]

1. d4 d5 2. c4 c6 3. Nf3 Nf6 4. Nc3 Bf5 5. cxd5 Nxd5 6. Qb3 Nb6 7. e4 Bg6 8.
Be3 e6 9. a4 Qc7 10. Ne5 Bd6 11. Nxg6 hxg6 12. a5 Nc8 13. e5 Be7 14. Bd3 O-O
15. O-O Nd7 16. Rfc1 Rb8 17. f4 Qd8 18. Ne4 b6 19. Rxc6 bxa5 20. Qc3 Bb4 21.
Qc2 Ndb6 22. Qe2 Nd5 23. Rc2 Nce7 24. Nc3 Rc8 25. Nxd5 Nxd5 26. Rac1 Rxc2 27.
Rxc2 Qb8 28. Bd2 Rc8 29. Rxc8+ Qxc8 30. Bxb4 axb4 31. Qd2 a5 {(=)} 32. Be4 Qc4
33. g3 a4 34. Bd3 Qxd4+ 35. Kf1 a3 36. bxa3 bxa3 37. Qc2 Ne3+ 0-1

[Event "DVM U20 2017"]
[Site "Düsseldorf GER"]
[Date "2017.12.28"]
[Round "3"]
[White "Eichstaedt, Mirko"]
[Black "Oberhofer, Cédric"]
[Result "1-0"]
[Termination "normal"]
[Board "7.1"]
[WhiteTitle "CM"]
[WhiteElo "2147"]
[BlackElo "2120"]
[WhiteTeam "USV Potsdam"]
[BlackTeam "SC Bavaria Regensburg"]
[PlyCount "81"]
[WhiteFideId "24692310"]
[BlackFideId "12941220"]
[EventCountry "GER"]
[EventRounds "7"]
[EventType "team-swiss"]
[EventDate "2017.12.26"]

1. d4 Nf6 2. Nf3 g6 3. g3 Bg7 4. Bg2 O-O 5. O-O c5 6. c4 cxd4 7. Nxd4 Nc6 8.
Nc3 Qa5 9. Nc2 Qh5 10. e4 Qxd1 11. Rxd1 d6 12. b3 Be6 13. Bb2 Nd7 14. Rab1 Rab8
15. Nd5 Bxb2 16. Rxb2 Nc5 17. Nce3 Rfc8 18. a4 Kf8 19. Ra1 Nd3 20. Rd2 Ndb4 21.
f4 Bxd5 22. Nxd5 Nxd5 23. Rxd5 Nb4 24. Rd2 Rc5 25. h4 h6 26. Rf1 f6 27. Bh3 Nc6
28. Rd5 a6 29. e5 Rxd5 30. cxd5 Nd4 31. b4 Ne2+ 32. Kf2 Nc3 33. exd6 exd6 34.
Be6 Nxa4 35. Rc1 Nb2 36. Ke2 b5 37. Rc7 h5 38. Ra7 Rb6 39. Rf7+ Ke8 40. Rxf6
Nc4 41. Rxg6 1-0

[Event "DVM U20 2017"]
[Site "Düsseldorf GER"]
[Date "2017.12.28"]
[Round "3"]
[White "Gabler, Eric"]
[Black "Tiarks, Jann-Christian"]
[Result "0-1"]
[Termination "normal"]
[Board "7.2"]
[WhiteElo "2078"]
[BlackElo "2123"]
[WhiteTeam "SC Bavaria Regensburg"]
[BlackTeam "USV Potsdam"]
[PlyCount "86"]
[WhiteFideId "12949841"]
[BlackFideId "12951595"]
[EventCountry "GER"]
[EventRounds "7"]
[EventType "team-swiss"]
[EventDate "2017.12.26"]

1. d4 {[%emt 0:00:00]} d5 {[%eval 0,0] [%emt 0:00:00]} 2. c4 e6 3. Nc3 c6 4.
Nf3 dxc4 5. a4 Bb4 6. Bd2 a5 7. e3 b5 8. axb5 Bxc3 9. Bxc3 cxb5 10. b3 Bb7 11.
bxc4 b4 12. Bb2 Nf6 13. Bd3 Nbd7 14. O-O O-O 15. Bc2 Qc7 16. c5 Rfd8 17. Qb1 h6
18. Re1 Rac8 19. Qa2 Ra8 20. Qb1 Bc6 21. Ba4 Bxa4 22. Rxa4 Qc6 23. Qa2 Qb5 24.
Ra1 Ne4 25. Qb1 Ndf6 26. Qf1 Rdb8 27. Ne5 Qxf1+ 28. Kxf1 Nd2+ 29. Ke2 Nb3 30.
R1a2 Ne4 31. Kd1 Nxf2+ 32. Kc2 Nxc5 33. dxc5 b3+ 34. Kd2 bxa2 35. Bc3 Rb5 36.
c6 f6 37. Ke2 fxe5 38. Kxf2 Rc5 39. Ba1 Rxc6 40. Rxa2 Rc5 41. Kf3 Rb8 42. Ra3
Kf7 43. Bc3 a4 0-1

[Event "DVM U20 2017"]
[Site "Düsseldorf GER"]
[Date "2017.12.28"]
[Round "3"]
[White "Cech, Tim"]
[Black "Dechant, Georg"]
[Result "0-1"]
[Termination "normal"]
[Board "7.3"]
[WhiteElo "2023"]
[BlackElo "2060"]
[WhiteTeam "USV Potsdam"]
[BlackTeam "SC Bavaria Regensburg"]
[PlyCount "166"]
[WhiteFideId "1270258"]
[BlackFideId "12956716"]
[EventCountry "GER"]
[EventRounds "7"]
[EventType "team-swiss"]
[EventDate "2017.12.26"]

1. d4 Nf6 2. Nf3 e6 3. g3 c5 4. Bg2 cxd4 5. Nxd4 d5 6. O-O Be7 7. c4 O-O 8. Bf4
Qb6 9. Nb5 Na6 10. N1a3 dxc4 11. Qa4 Bd7 12. Qxc4 Rac8 13. Qd4 Bc5 14. Qa4 Nb4
15. Qb3 Bxb5 16. Nxb5 Qxb5 17. a3 Qxe2 18. axb4 Bb6 19. Bf3 Qb5 20. Rfd1 Rfd8
21. Rac1 Rxc1 22. Rxc1 Nd5 23. Bg5 Re8 24. Bd2 Bd4 25. Bc3 Bxc3 26. bxc3 Qd3
27. Bxd5 Qxd5 28. c4 Qc6 29. Rd1 h6 30. Qd3 Rc8 31. b5 Qxc4 32. Qxc4 Rxc4 33.
Rd8+ Kh7 34. Rd7 a6 35. b6 Rb4 36. Rxb7 a5 37. Ra7 Rxb6 38. Rxa5 Kg6 39. h4 {
(=)} Rd6 40. Kg2 Rd5 41. Ra6 Kf6 42. Kf3 Rf5+ 43. Ke3 Rb5 44. Kf3 h5 45. Rc6
Rf5+ 46. Ke3 Kg6 47. Ra6 Re5+ 48. Kf3 Re1 49. Rb6 f6 50. Rb4 e5 51. Ra4 Kf5 52.
Ra5 Rb1 53. Ra7 g6 54. Ra5 Rb6 55. Rc5 Ke6 56. Ra5 f5 57. Ke3 Rb3+ 58. Ke2 f4
59. gxf4 exf4 60. Ra6+ Kf5 61. Ra5+ Kg4 62. Rg5+ Kxh4 63. Rxg6 f3+ 64. Kd2 Ra3
65. Rg3 Rb3 66. Rg8 Kh3 67. Rg3+ Kh2 68. Rg8 h4 69. Kc2 Ra3 70. Kb2 Ra4 71. Kc3
Ra2 72. Kd3 Rxf2 73. Ke3 Rf1 74. Rf8 h3 75. Rh8 Kg2 76. Rg8+ Kh1 77. Rh8 h2 78.
Rh7 Kg2 79. Rg7+ Kh3 80. Rh7+ Kg4 81. Rxh2 Kg3 82. Rh8 Re1+ 83. Kd2 f2 0-1

[Event "DVM U20 2017"]
[Site "Düsseldorf GER"]
[Date "2017.12.28"]
[Round "3"]
[White "Ließ, Alexander"]
[Black "Shevelko, Alexander"]
[Result "0-1"]
[Termination "normal"]
[Board "7.4"]
[WhiteElo "1770"]
[BlackElo "1883"]
[WhiteTeam "SC Bavaria Regensburg"]
[BlackTeam "USV Potsdam"]
[PlyCount "96"]
[WhiteFideId "16221338"]
[BlackFideId "12952125"]
[EventCountry "GER"]
[EventRounds "7"]
[EventType "team-swiss"]
[EventDate "2017.12.26"]

1. d4 d5 2. Bf4 Nf6 3. e3 e6 4. Nf3 Nbd7 5. Nbd2 Be7 6. Bd3 O-O 7. Ne5 c5 8. c3
c4 9. Bc2 Nxe5 10. dxe5 Nd7 11. h4 Re8 12. Nf3 f6 13. exf6 Nxf6 14. Ne5 Bd6 15.
Qd4 Qc7 16. g4 Nd7 17. Nxd7 Bxf4 18. exf4 Bxd7 19. O-O-O Bc6 20. Rde1 Re7 21.
Re5 Rf8 22. Rhe1 Ref7 23. f5 exf5 24. Rxf5 g6 25. Rxf7 Qxf7 26. Qxa7 Qf4+ 27.
Qe3 Qxg4 28. Qg3 Qf4+ 29. Qxf4 Rxf4 30. h5 gxh5 31. Rg1+ Rg4 32. Rg3 Kg7 33.
Bf5 Rxg3 34. fxg3 h6 35. Kd2 Kf6 36. Bh3 Kg5 37. Ke3 h4 38. Kf2 h5 39. b3 hxg3+
40. Kxg3 d4 41. Kf2 cxb3 42. axb3 dxc3 43. Ke3 c2 44. Kd2 Be4 45. b4 Kf4 46.
Bf1 h4 47. b5 Kg3 48. b6 h3 0-1

[Event "DVM U20 2017"]
[Site "Düsseldorf GER"]
[Date "2017.12.28"]
[Round "3"]
[White "Ender, Paul Marius"]
[Black "Sammet, Dominik"]
[Result "0-1"]
[Termination "normal"]
[Board "7.5"]
[WhiteElo "1800"]
[BlackElo "1678"]
[WhiteTeam "USV Potsdam"]
[BlackTeam "SC Bavaria Regensburg"]
[PlyCount "92"]
[WhiteFideId "12936545"]
[BlackFideId "12987875"]
[EventCountry "GER"]
[EventRounds "7"]
[EventType "team-swiss"]
[EventDate "2017.12.26"]

1. e4 {[%emt 0:00:00]} c5 {[%eval 0,0] [%emt 0:00:00]} 2. d3 d6 3. g3 g6 4. Bg2
Bg7 5. Nc3 Nc6 6. Be3 e6 7. Qd2 Nge7 8. O-O-O a6 9. Nge2 Nd4 10. Bh6 O-O 11. h4
Qb6 12. Bxg7 Kxg7 13. h5 Ng8 14. Rh2 Qd8 15. Rdh1 g5 16. h6+ Kh8 17. g4 e5 18.
f3 Be6 19. Ng3 f6 20. Nh5 Ne7 21. Rf1 Ng6 22. Ng7 Bg8 23. Kb1 b5 24. Ne2 Nxe2
25. Qxe2 a5 26. Nf5 Nf4 27. Qd2 b4 28. Re1 Qb6 29. Ka1 a4 30. Bf1 Rfb8 31. Rb1
b3 32. a3 bxc2 33. Qxc2 Bb3 34. Qc3 Be6 35. Ng7 Ra5 36. Qc1 Qb3 37. Nxe6 Nxe6
38. Qc2 Nd4 39. Qxb3 axb3 40. Rc1 Kg8 41. Be2 Rxa3+ 42. bxa3 b2+ 43. Kb1
bxc1=Q+ 44. Kxc1 Rb3 45. a4 Ra3 46. Bd1 Ra1+ 0-1

[Event "DVM U20 2017"]
[Site "Düsseldorf GER"]
[Date "2017.12.28"]
[Round "3"]
[White "Oberhofer, Marie"]
[Black "Glagau, Lars"]
[Result "1/2-1/2"]
[Termination "normal"]
[Board "7.6"]
[WhiteElo "1714"]
[BlackElo "1450"]
[WhiteTeam "SC Bavaria Regensburg"]
[BlackTeam "USV Potsdam"]
[PlyCount "65"]
[WhiteFideId "12938165"]
[BlackFideId "16200390"]
[EventCountry "GER"]
[EventRounds "7"]
[EventType "team-swiss"]
[EventDate "2017.12.26"]

1. e4 e6 2. d4 d5 3. e5 c5 4. c3 Nc6 5. Nf3 Qb6 6. a3 c4 7. Nbd2 Nh6 8. b3 cxb3
9. Nxb3 Na5 10. Nxa5 Qxa5 11. Qb3 Bd7 12. Bd2 Qc7 13. Bd3 Ng8 14. O-O Ne7 15.
Rab1 Rb8 16. Rfc1 Nc6 17. c4 dxc4 18. Bxc4 Na5 19. Bxa5 Qxa5 20. Bb5 Qxb5 21.
Qxb5 Bxb5 22. Rxb5 Bxa3 23. Rc7 O-O 24. Rbxb7 Rxb7 25. Rxb7 a5 26. Kf1 h6 27.
Ke2 Rc8 28. Kd3 Bb4 29. Rb5 Rc3+ 30. Ke2 Rc2+ 31. Ke3 Rc3+ 32. Ke2 Rc2+ 33. Ke3
1/2-1/2

[Event "DVM U20 2017"]
[Site "Düsseldorf GER"]
[Date "2017.12.28"]
[Round "3"]
[White "Syrov, Arkadi"]
[Black "Siegert, Gregor"]
[Result "1-0"]
[Termination "normal"]
[Board "8.1"]
[WhiteElo "2279"]
[BlackElo "1750"]
[WhiteTeam "SK Frankenthal"]
[BlackTeam "Schachforum Darmstadt"]
[PlyCount "69"]
[WhiteFideId "12942448"]
[BlackFideId "1271250"]
[EventCountry "GER"]
[EventRounds "7"]
[EventType "team-swiss"]
[EventDate "2017.12.26"]

1. e4 c5 2. Nf3 e6 3. g3 Nc6 4. Bg2 Nf6 5. Nc3 Qc7 6. O-O a6 7. d4 cxd4 8. Nxd4
h5 9. h3 Bc5 10. Nb3 Be7 11. a4 b6 12. f4 d6 13. Qf3 Bb7 14. Qf2 Nd7 15. Be3
Rb8 16. Rad1 Ba8 17. Qe2 Bb7 18. Bf3 Nb4 19. Nd4 Rc8 20. f5 e5 21. Nb3 Qc4 22.
Qf2 Qc7 23. Rd2 Bc6 24. Ra1 Qb7 25. Qg2 Nf6 26. Rad1 g6 27. fxg6 fxg6 28. a5 b5
29. Rxd6 Bxd6 30. Rxd6 Nd7 31. Nc5 Qc7 32. Re6+ Kf7 33. Qf2 Nxc5 34. Bg4+ Kg8
35. Rxg6+ 1-0

[Event "DVM U20 2017"]
[Site "Düsseldorf GER"]
[Date "2017.12.28"]
[Round "3"]
[White "Tampe, Alexander"]
[Black "Tresch, Lukas"]
[Result "0-1"]
[Termination "normal"]
[Board "8.2"]
[WhiteElo "1695"]
[BlackElo "2020"]
[WhiteTeam "Schachforum Darmstadt"]
[BlackTeam "SK Frankenthal"]
[PlyCount "68"]
[WhiteFideId "12921572"]
[BlackFideId "12938866"]
[EventCountry "GER"]
[EventRounds "7"]
[EventType "team-swiss"]
[EventDate "2017.12.26"]

1. e4 {[%emt 0:00:00]} e5 2. Nf3 Nc6 3. d4 exd4 4. Nxd4 Nf6 5. Nc3 Bb4 6. Nxc6
bxc6 7. Bd3 d5 8. exd5 cxd5 9. O-O O-O 10. Bg5 c6 11. Qf3 Bd6 12. Bxf6 Qxf6 13.
Qxf6 gxf6 14. Ne2 Rb8 15. b3 Re8 16. Rfe1 Bd7 17. Rad1 Re5 18. Ng3 Rbe8 19. Re2
Bc5 20. Kf1 {(=)} Bg4 21. f3 Bc8 22. Rde1 Bb4 23. Rxe5 fxe5 24. Rd1 Kg7 25. c4
Be6 26. cxd5 cxd5 27. Bf5 Rc8 28. Ke2 Kf6 29. Bd3 Kg5 30. Nf1 f5 31. Ne3 f4 32.
Ba6 Rc5 33. Nf1 Rc2+ 34. Kd3 Bf5# 0-1

[Event "DVM U20 2017"]
[Site "Düsseldorf GER"]
[Date "2017.12.28"]
[Round "3"]
[White "Mäurer, Fabian"]
[Black "Czappa, Fabian Alexander"]
[Result "1-0"]
[Termination "normal"]
[Board "8.3"]
[WhiteElo "1968"]
[BlackElo "1618"]
[WhiteTeam "SK Frankenthal"]
[BlackTeam "Schachforum Darmstadt"]
[PlyCount "107"]
[WhiteFideId "12965944"]
[BlackFideId "16255968"]
[EventCountry "GER"]
[EventRounds "7"]
[EventType "team-swiss"]
[EventDate "2017.12.26"]

1. Nf3 Nf6 2. c4 g6 3. Nc3 Bg7 4. e4 d6 5. d4 Nbd7 6. h3 O-O 7. Bg5 e5 8. d5 h6
9. Be3 b6 10. Be2 Nc5 11. Nd2 Bd7 12. b4 Nb7 13. Nb3 Nh7 14. c5 dxc5 15. bxc5
bxc5 16. Nxc5 Nd6 17. Qc1 f5 18. Bxh6 f4 19. Bxg7 Kxg7 20. Nb5 Ng5 21. Nxd7
Qxd7 22. Qxc7 Qxc7 23. Nxc7 Rac8 24. Rc1 Rf7 25. Ne6+ Nxe6 26. Rxc8 Nxc8 27.
dxe6 Rc7 28. Kd2 Kf6 29. Bg4 Nd6 {(=)} 30. f3 Nb5 31. h4 Nd4 32. h5 Nxe6 33.
hxg6 Rg7 34. Bf5 Rd7+ 35. Kc3 Rc7+ 36. Kb4 a5+ 37. Kxa5 Ra7+ 38. Kb6 Rxa2 39.
Rh2 Rb2+ 40. Ka7 Rd2 41. Kb6 Ng7 42. Kc6 Ne8 43. Rh8 Ng7 44. Rf8+ Kg5 45. Rf7
Kh6 46. Re7 Nxf5 47. exf5 Rxg2 48. Kd5 Kg5 49. Kxe5 Re2+ 50. Kd6 Rd2+ 51. Ke6
Rb2 52. g7 Rb8 53. f6 Rb6+ 54. Kd7 1-0

[Event "DVM U20 2017"]
[Site "Düsseldorf GER"]
[Date "2017.12.28"]
[Round "3"]
[White "Tampe, Friederike"]
[Black "Stein, Daniel"]
[Result "0-1"]
[Termination "normal"]
[Board "8.4"]
[WhiteElo "1461"]
[BlackElo "1960"]
[WhiteTeam "Schachforum Darmstadt"]
[BlackTeam "SK Frankenthal"]
[PlyCount "40"]
[WhiteFideId "12973939"]
[BlackFideId "12939307"]
[EventCountry "GER"]
[EventRounds "7"]
[EventType "team-swiss"]
[EventDate "2017.12.26"]

1. e4 e5 2. Nf3 Nf6 3. Nxe5 d6 4. Nf3 Nxe4 5. d4 d5 6. Bd3 Nc6 7. Bf4 Be7 8.
O-O Bg4 9. c3 O-O 10. h3 Bh5 11. Qe2 Re8 12. Qe3 Bd6 13. Bxd6 Qxd6 14. Be2 Ng3
15. Qd3 Nxe2+ 16. Kh1 Nf4 17. Qd1 Re2 18. Nbd2 Rxd2 19. Qxd2 Bxf3 20. gxf3 Qh6
0-1

[Event "DVM U20 2017"]
[Site "Düsseldorf GER"]
[Date "2017.12.28"]
[Round "3"]
[White "Syrov, Katharina"]
[Black "Münk, Johannes"]
[Result "0-1"]
[Termination "normal"]
[Board "8.5"]
[WhiteElo "1228"]
[BlackElo "1540"]
[WhiteTeam "SK Frankenthal"]
[BlackTeam "Schachforum Darmstadt"]
[PlyCount "76"]
[WhiteFideId "16255941"]
[BlackFideId "16241983"]
[EventCountry "GER"]
[EventRounds "7"]
[EventType "team-swiss"]
[EventDate "2017.12.26"]

1. e4 c5 2. Nf3 Nc6 3. d4 cxd4 4. Nxd4 e5 5. Nxc6 bxc6 6. Nc3 Bb4 7. Bd2 Nf6 8.
a3 Ba5 9. b4 Bc7 10. Qf3 O-O 11. Bg5 a5 12. Na2 d5 13. Rd1 Be6 14. c4 d4 15.
Be2 Qe7 16. O-O Ra7 17. Rb1 Bd6 18. Rb2 Rb8 19. c5 Bxc5 20. Rc1 axb4 21. axb4
Rxa2 22. Rxa2 Bxa2 23. bxc5 Qe6 24. Bxf6 Qxf6 25. Qxf6 gxf6 26. g3 Bb1 27. Bf3
{(=)} d3 28. Rd1 Bc2 29. Rd2 Rb5 30. Bd1 Rxc5 31. Kg2 Bb1 32. Kf3 Rc1 33. Ke3
c5 34. Bb3 c4 35. Ba2 Re1+ 36. Kf3 c3 37. Rxd3 Bxd3 38. Bb3 h5 0-1

[Event "DVM U20 2017"]
[Site "Düsseldorf GER"]
[Date "2017.12.28"]
[Round "3"]
[White "Röth, Alexander"]
[Black "Cygal, Marcel"]
[Result "1-0"]
[Termination "normal"]
[Board "8.6"]
[WhiteElo "1361"]
[BlackElo "1500"]
[WhiteTeam "Schachforum Darmstadt"]
[BlackTeam "SK Frankenthal"]
[PlyCount "77"]
[WhiteFideId "16255976"]
[BlackFideId "16255950"]
[EventCountry "GER"]
[EventRounds "7"]
[EventType "team-swiss"]
[EventDate "2017.12.26"]

1. d4 d5 2. Bf4 Nf6 3. e3 e6 4. Nf3 c5 5. c3 Nc6 6. Bd3 Bd6 7. Bg3 O-O 8. Nbd2
b6 9. e4 Bb7 10. e5 Be7 11. exf6 Bxf6 12. Be5 c4 13. Bxf6 Qxf6 14. Bc2 Rfe8 15.
O-O e5 16. dxe5 Nxe5 17. Nxe5 Qxe5 18. Re1 Qg5 19. Rxe8+ Rxe8 20. Nf3 Qf6 21.
Qd4 Qe7 22. Qh4 Qe6 23. Qxh7+ Kf8 24. Qh8+ Ke7 25. Qxe8+ Kxe8 26. Re1 Qxe1+ 27.
Nxe1 f6 28. Nf3 Ke7 29. Nd4 a5 30. a4 Bc8 31. Bf5 Bd7 32. Bxd7 Kxd7 33. f4 g5
34. fxg5 fxg5 35. Kf2 Kd6 36. Kf3 Ke5 37. Kg4 Kd6 38. Kxg5 Ke5 39. h4 1-0